000
00274nam a22001337a 4500
008
181008b xxu||||| |||| 00| 0 eng d
020
_a
0906923352
041
_a
eng
080
_a
573
100
_a
9
101
_a
IMU
245
_a
Immunology
_c
Roitt, I
942
_2
udc
_c
BK
999
_c
49078
_d
49078